Loading...
| History - Other | 1 | 3 | 0 | 0 | 45 | 78 | 106.75 | 2 | 2 | 0.00 | 0.00 |
| History - World | 1 | 3 | 1 | 2 | 40 | 71 | 119.00 | 0 | 1 | 0.00 | 0.00 |
| History - European | 0 | 3 | 0 | 0 | 30 | 107 | 126.00 | 0 | 0 | 0.00 | 0.00 |
| Modern World | 1 | 1 | 1 | 0 | 20 | 75 | 87.50 | 0 | 1 | 0.00 | 0.00 |
| History - American | 0 | 2 | 0 | 1 | 20 | 123 | 137.50 | 0 | 1 | 0.00 | 0.00 |
| Geography | 0 | 1 | 0 | 0 | 10 | 140 | 140.00 | 0 | 0 | 0.00 | 0.00 |
| Other Science (Computer Science) | 0 | 1 | 0 | 0 | 10 | 92 | 92.00 | 0 | 0 | 0.00 | 0.00 |
| Social Science | 0 | 1 | 1 | 0 | 5 | 148 | 148.00 | 0 | 0 | 0.00 | 0.00 |
| Religion | 0 | 0 | 0 | 0 | 0 | 0.00 | 0 | 0 | 0.00 | 0.00 | |
| Philosophy | 0 | 0 | 1 | 0 | -5 | 0.00 | 0 | 0 | 0.00 | 0.00 |